Casa de la infancia

Na minha lista:
Detalhes bibliográficos
Autor principal: Durand, Luis (Author)
Formato: Livro
Idioma:espanhol
Publicado em: Santiago Orbe 1958
Edição:2a. ed
Assuntos:
Tags: Adicionar Tag
Sem tags, seja o primeiro a adicionar uma tag!

MARC

LEADER 00000nam a2200000 a 4500
001 UCQ6264
003 CL-VaPUC
008 981009e19580000CL |||||||||||||||||spa|d
082 0 4 |a Ch863  |b DUR  |2 21 
100 0 |a Durand, Luis  |e author  |9 360229 
245 1 0 |a Casa de la infancia 
250 |a 2a. ed 
300 |a 137 p 
942 |c BK 
945 |d 19981009 00:00:00  |a crobeson 
260 |a Santiago  |b Orbe  |c 1958 
650 0 |a Cuentos chilenos   |9 308280 
650 0 |a Literatura chilena   |9 308278 
583 |a last modification  |c 19981009 00:00:00  |k Rodrigo Vera 
999 |c 276265  |d 276263 
952 |0 0  |1 0  |4 0  |6 CH_863_000000000000000_DUR_1958  |7 0  |8 A  |9 313427  |a BIBEDU  |b BIBEDU  |c ES_NOD  |d 2019-11-20  |i 1477528  |l 1  |o Ch863 DUR 1958  |p 1477528  |r 2023-08-09  |s 2023-03-23  |w 2019-11-20  |y BK  |k LIT